Russian federal districts (with a map) - Statistics

General Stats
  • This quiz has been taken 392 times
  • The average score is 6 of 8
Answers on the Map
Answers color-coded by a green-red scale on the quiz's map according to % correct below.
 
Answer Stats
Answer % Correct
Far eastern
81%
Siberian
76%
Ural
73%
North-Caucasian
72%
Central
71%
Northwestern
71%
Volga
65%
Southern
59%
No matching quizzes found
Score Distribution
Percent of People with Each Score
Percentile by Number Answered
Your Score History
You have not taken this quiz